000 00459nam a2200181Ia 4500
008 240925s9999 xx 000 0 und d
020 _a827326432
082 _a629.258 KIN
100 _aKing ,Dick H.
245 0 _aComputerized Engine Controls
250 _aNA
260 _aNew York:
_bDelmar Publishers
_c,1987.
300 _a939p.
_bNA
_fOriginal
500 _aIncludes Index
600 _aEngineering Technology
650 _aTechnology
942 _cBK
999 _c4906
_d4906